Statistics for Odysseus Route Home

Click here to take the quiz!

General Stats

  • This quiz has been taken 40 times
  • The average score is 2 of 10

Answers on the Map

Answers color-coded by a green-red scale on the quiz's map according to % correct below.
 

Answer Stats

Answer% Correct
Troy
48%
Cyclops
38%
Calypso
29%
Cicones
24%
Lotus Eaters
19%
Circe
14%
Lastregones
14%
Land of the Dead
10%
Aelas
5%
Ithaca
5%

Score Distribution

Percentile by Number Answered

Percent of People with Each Score

Your Score History

You have not taken this quiz